A mathematical history of the golden number
Wedi'i Gadw mewn:
| Prif Awdur: | |
|---|---|
| Fformat: | Llyfr |
| Iaith: | Saesneg |
| Cyhoeddwyd: |
Nueva York
Dover Publications
1998
|
| Cyfres: | Dover Books on Mathematics
|
| Pynciau: | |
| Tagiau: |
Ychwanegu Tag
Dim Tagiau, Byddwch y cyntaf i dagio'r cofnod hwn!
|
MARC
| LEADER | 00000nam a2200000 a 4500 | ||
|---|---|---|---|
| 001 | UCP1690 | ||
| 003 | CL-VaPUC | ||
| 008 | 990426e19980000US |||||||||||||||||eng|d | ||
| 082 | 0 | 4 | |a 512.7 |b HER |2 21 |
| 100 | 0 | |a Herz Fischler, Roger |e author |9 427863 | |
| 245 | 1 | 2 | |a A mathematical history of the golden number |
| 300 | |a 195 p | ||
| 942 | |c BK | ||
| 945 | |d 19990426 00:00:00 |a rbrito | ||
| 260 | |a Nueva York |b Dover Publications |c 1998 | ||
| 650 | 0 | |a Teoría de números |9 265327 | |
| 650 | 0 | |a Historia |9 255047 | |
| 650 | 7 | |a TEOREMA DE EUCLIDES |2 CL-VaPUC |9 427864 | |
| 650 | 0 | |a Álgebra geométrica |9 427865 | |
| 650 | 7 | |a TEOREMA DE PITAGORAS |2 CL-VaPUC |9 427866 | |
| 583 | |a last modification |c 19990426 00:00:00 |k Rodrigo Vera | ||
| 490 | 0 | |a Dover Books on Mathematics | |
| 999 | |c 280347 |d 280345 | ||
| 952 | |0 0 |1 0 |4 0 |6 512_700000000000000_HER_1998 |7 0 |8 A |9 320599 |a BIBMAT |b BIBMAT |d 2019-11-20 |i 3519430 |o 512.7 HER 1998 |p 3519430 |r 2025-01-07 |w 2019-11-20 |y BK |k MAT | ||